000 01069nam a22002297a 4500
999 _c22019
_d22019
003 AR-CdUCM
008 190425b ||||| |||| 00| 0 spa d
040 _aMUNICIPALIDAD PROVINCIAL DEL CUSCO
_cBIBLIOTECA MUNICIPAL DEL CUSCO
082 _aKosko/N°23/1924
245 _aKosko revista libre /
_cLuis Felipe Paredes. Director. Roberto Latorre. Fundador y propietario
260 _aCusco.
_bTalleres tipográficos trabajo,
_c1924.
300 _a12 páginas. :
_c26 cm.
440 _aKosko revista libre.
_nAño I, N°23, 30 de noviembre de1924.
_947180
505 _aContenido: Al rededor de una iniciativa. -- La dirección. -- El monumento a candamo. -- Lima a vuelo de condor. -- El vital elemento. -- De como Jesús insulto a un tuerto. -- El pintor Pantigoso en Buenos Aires. -- Poesías.
650 _aHistorias del Cusco
_947166
650 _aSiglo XX
_947176
700 _aBarrionuevo Navarro, Leandro
_eDirector
_947177
700 _aBarrionuevo Sánchez, Armando
_eDirector
_931129
700 _aRevista cusqueña
_947181
942 _2ddc
_cPP
945 _avhl